Odpisování pořízených starších základních prostředků.

6 príkladov účtovania pri odpisovaní starších základných prostriedkov podľa vyhlášky č. 586/1990 Zb. Príklady sa uvádzajú ako pomôcka na odstránenie nejasností, ktoré by mohli v konkrétnych prípadoch vzniknúť.

Salvato in:
Dettagli Bibliografici
Autore principale: Blatný, M.
Altri autori: Fišerová, E.
Natura: Capitolo di libro
Lingua:ceco
Soggetti:
Tags: Aggiungi Tag
Nessun Tag, puoi essere il primo ad aggiungerne!!

MARC

LEADER 00000naa a2200000 4500
001 r008146
005 20220831085429.9
041 0 |a cze 
044 |a [CS] 
245 1 0 |a Odpisování pořízených starších základních prostředků.  |c M. Blatný, E. Fišerová 
520 |a 6 príkladov účtovania pri odpisovaní starších základných prostriedkov podľa vyhlášky č. 586/1990 Zb. Príklady sa uvádzajú ako pomôcka na odstránenie nejasností, ktoré by mohli v konkrétnych prípadoch vzniknúť. 
610 2 0 |a odpisy 
610 2 0 |a prostriedky základné 
610 2 0 |a účtovníctvo vnútropodnikové 
610 2 0 |a predaj 
610 2 0 |a nákup 
100 1 |a Blatný, M. 
700 1 |a Fišerová, E.